The Licensing and Management of Houses in Multiple Occupation and Other Houses (Prescribed Descriptions) (England) Regulations 2006 (Record no. 105311)

MARC details
000 -LEADER
fixed length control field 02148cam a2200253 4500
001 - CONTROL NUMBER
control field ##L133015
008 - FIXED-LENGTH DATA ELEMENTS--GENERAL INFORMATION
fixed length control field 060403n2006 000 0 eng u
020 ## - INTERNATIONAL STANDARD BOOK NUMBER
International Standard Book Number 0110740807
035 ## - SYSTEM CONTROL NUMBER
System control number (Sirsi) u133015
041 0# - LANGUAGE CODE
Language code of text/sound track or separate title eng
245 04 - TITLE STATEMENT
Title The Licensing and Management of Houses in Multiple Occupation and Other Houses (Prescribed Descriptions) (England) Regulations 2006
260 ## - PUBLICATION, DISTRIBUTION, ETC.
Place of publication, distribution, etc. London
Name of publisher, distributor, etc. TSO
Date of publication, distribution, etc. 2006
490 #0 - SERIES STATEMENT
Series statement SI
Volume/sequential designation 2006: 373
520 ## - SUMMARY, ETC.
Summary, etc. Make provision in respect of a number of miscellaneous matters relating to Part II licensing of HMOs, Part III (selective licensing), Chapters 1 and 2 of Part IV (management orders) and s254 (meaning of HMO) of the Housing Act 2004: specifying the circumstances when persons are to be regarded as forming a single household for the purposes of deciding whether a building is an HMO; providing that migrant workers, seasonal workers and asylum seekers are to be treated as occupying certain premises as their only or main residence; specifying a description of buildings that are not HMOs for the purposes of the Act; applications for licences including the information that must be supplied with an application; specifying the standards to be applied when determining the suitability of a house for multiple occupation for licensing; specifying the manner in which designations of and revocations of such designations must be published, and specifying the information that must be contained in registers held by local housing authorities of licences, temporary exemption notices that exempt a house from licensing and of management orders.
650 24 - SUBJECT ADDED ENTRY--TOPICAL TERM
Topical term or geographic name entry element HOUSING ACT 2004
650 24 - SUBJECT ADDED ENTRY--TOPICAL TERM
Topical term or geographic name entry element HOUSING ACT 2004 PART II
650 24 - SUBJECT ADDED ENTRY--TOPICAL TERM
Topical term or geographic name entry element HOUSING ACT 2004 PART III
650 24 - SUBJECT ADDED ENTRY--TOPICAL TERM
Topical term or geographic name entry element HOUSING ACT 2004 PART IV
650 24 - SUBJECT ADDED ENTRY--TOPICAL TERM
Topical term or geographic name entry element HOUSING ACT 2004 S254
650 24 - SUBJECT ADDED ENTRY--TOPICAL TERM
Topical term or geographic name entry element LICENSING AND MANAGEMENT OF HOUSES IN MULTIPLE OCCUPATION AND OTHER HOUSES (PRESCRIBED DESCRIPTIONS) (ENGLAND) REGULATIONS 2006
690 ## - LOCAL SUBJECT ADDED ENTRY--TOPICAL TERM (OCLC, RLIN)
Topical term or geographic name as entry element PROPERTY-LEASEHOLD PROPERTY-LANDLORD AND TENANT-LANDLORD AND TENANT REFORM
856 40 - ELECTRONIC LOCATION AND ACCESS
Uniform Resource Identifier <a href="https://www.opsi.gov.uk/si/si2006/20060373.htm">https://www.opsi.gov.uk/si/si2006/20060373.htm</a>
Public note View the Regulations free of charge at ww.opsi.gov.uk...
942 ## - ADDED ENTRY ELEMENTS (KOHA)
Suppress in OPAC 0
Holdings
Withdrawn status Lost status Source of classification or shelving scheme Damaged status Not for loan Home library Current library Shelving location Date acquired Total Checkouts Full call number Barcode Date last seen Copy number Price effective from Koha item type
    Dewey Decimal Classification     Virtual Virtual Online 03/04/2006   ONLINE PUBLICATION 133015-2001 06/08/2019 1 06/08/2019 Book